| 000 | 00505cam a22001337a 4500 | ||
|---|---|---|---|
| 008 | 180718b1970 xxu||||| |||| 00| 0 eng d | ||
| 082 | _aB6x748 P384 | ||
| 100 | _aUnited States. The Governer's Commission for Modern State Government "Little Hoover Committee | ||
| 245 | _aGoverner's Commission for Modern State Government (Little Hoover Committee): final report | ||
| 260 |
_aPennsylvania _bThe author _c1970 |
||
| 300 | _a147+p. | ||
| 500 | _aRobert E. Woodside | ||
| 700 | _aWoodside, Robert E. (Chairman) | ||
| 999 |
_c488798 _d488798 |
||